Le Royaume-Uni pour les touristes... - Facile - Statistiques

Statistiques générales
  • Ce quiz a été pris 60 fois
  • Le résultat moyen est 13 sur 20
Statistiques - réponses
Question Indice Réponses Indice facile % Correct
Quelle est la langue officielle ? Anglais
98%
Achats à faire 2/ Protège de la pluie Parapluie APPAREILU
96%
Quelles sont les principales villes touristiques ? O Oxford ORDOFX
94%
La conduite se fait à droite ou à gauche ? Gauche
93%
Quelles sont les principales villes touristiques ? L Londres
91%
Dans la capitale y-a-t-il un décalage horaire avec Paris ? (oui/non) Oui
91%
Quelles sont les principales villes touristiques ? C Cambridge BRIDAGECM
83%
Achats à faire 1/ Boisson nationale Thé
80%
Quelle est la monnaie ? Livre sterling £
78%
La vitesse est limitée sur autoroutes à {110} km/h
70%
Quelles autres langues sont répandues ? G Gallois
65%
Quelles autres langues sont répandues ? I Irlandais
59%
Le taux d'alcoolémie toléré au volant est de {0.8} g/l
56%
Le suffixe internet est uk
56%
Achats à faire 3/ Boisson alcoolisée typique Pimm's MMIPS
54%
Quelles autres langues sont répandues ? G Gaélique
44%
Quels sites peut-on visiter ? S Stonehenge EHONTEESGN
37%
Quels sites peut-on visiter ? G Chaussée des {Géants} ETANGS
35%
La religion majoritaire est Anglicanisme A
31%
Quelles autres langues sont répandues ? C Cornique
0%
Aucun quiz correspondant
Distribution des résultats
% des personnes avec chaque résultat
Percentile par nombre de réponses
Votre historique - résultats
Vous n’avez pas pris ce quiz